| 000 | 00750nam a22002297a 4500 | ||
|---|---|---|---|
| 003 | OSt | ||
| 005 | 20250829051515.0 | ||
| 008 | 250829b |||||||| |||| 00| 0 eng d | ||
| 020 | _a0-312-11226-2 | ||
| 040 | _cOC | ||
| 082 | _aCirc. 363.7 V479 1995 | ||
| 100 | _aVerburg, C. | ||
| 245 |
_aThe environment predicament : _bfour issues for critical analysis |
||
| 260 |
_aBoston : _bBedford Books of St. Verburg Press, Inc., _c c1995 |
||
| 300 |
_axv, 351 pages : _c 23 cm. |
||
| 504 | _aIncludes index | ||
| 650 | _2Environmental responsibility | ||
| 650 | _2Environmentalism | ||
| 650 | _2Global warming | ||
| 650 | _2Refuse and repress disposal | ||
| 942 |
_2ddc _cBK-CIRC _hCirc. 363.7 V479 1995 _kCirc. _n0 |
||
| 999 |
_c4333 _d4333 |
||